Wonders of the Solar System - Statistics

General Stats
  • This quiz has been taken 5 times
  • The average score is 7 of 12
Answer Stats
Hint Answer % Correct
Only place in Solar System where life is possible Earth
100%
Tallest Mountain Olympus Mons
100%
Biggest Storm The Great Red Spot
100%
Largest Ocean of the solar system by volume is in this place Ganymede
80%
Body that is most tectonically active Io
80%
Body with the fastest wind / storm Neptune
80%
Body with the most powerful lightning Saturn
80%
Deepest Ocean of the Solar System is in this place Europa
60%
Largest Canyon Valles Marineris
40%
Largest Glacier Sputnik Planitia
20%
Tallest Geyser Geysers of Enceledus
0%
Largest Impact Crater Utopia
0%
No matching quizzes found
Score Distribution
Percent of People with Each Score
Percentile by Number Answered
Your Score History
You have not taken this quiz